AH International Schools' Libraries

Learn-A-Word Picture Book: Patterns (Record no. 47935)

MARC details
000 -LEADER
fixed length control field 00350nam a22001217a 4500
008 - FIXED-LENGTH DATA ELEMENTS--GENERAL INFORMATION
fixed length control field 241125b |||||||| |||| 00| 0 eng d
020 ## - INTERNATIONAL STANDARD BOOK NUMBER
International Standard Book Number 9781861474629
100 ## - MAIN ENTRY--PERSONAL NAME
Personal name icola Tuxworth (Author)
9 (RLIN) 85744
245 ## - TITLE STATEMENT
Title Learn-A-Word Picture Book: Patterns
260 ## - PUBLICATION, DISTRIBUTION, ETC. (IMPRINT)
Place of publication, distribution, etc Egnland
Name of publisher, distributor, etc Anness Publishing Ltd
Date of publication, distribution, etc 2016
300 ## - PHYSICAL DESCRIPTION
Extent 20 p
Other physical details col. ill.
Dimensions 23 cm.
942 ## - ADDED ENTRY ELEMENTS (KOHA)
Source of classification or shelving scheme
Holdings
Withdrawn status Lost status Source of classification or shelving scheme Damaged status Not for loan Collection code Home library Current library Date acquired Total Checkouts Full call number Barcode Date last seen Price effective from Koha item type
          Non-Fiction Asian Hope Siem Reap Asian Hope Siem Reap 11/25/2024   629 NIC 207207 11/25/2024 11/25/2024 Book

For any Logos Library related questions please contact Miss Art at swongnarasuk@asianhope.org.

For any Asian Hope Library related questions please contact Miss Raza at graza@asianhope.org.

Powered by Koha